LEADER 00960nam0-22003251i-450- 001 990008414120403321 005 20070109111109.0 010 $a0198255039 035 $a000841412 035 $aFED01000841412 035 $a(Aleph)000841412FED01 035 $a000841412 100 $a20061108d1989----km-y0itay50------ba 101 0 $aeng 102 $aGB 105 $ay-------001yy 200 1 $a<>theory of legal argumentation$ethe theory of rational discourse as theory of legal justification$fRobert Alexy$gtranslated by Ruth Adler and Neil MacCormick 210 $aOxford$cClarendon$d1989 215 $aXIII, 323 p.$d23 cm 676 $a340 700 1$aAlexy,$bRobert$0240644 702 1$aAdler,$bRuth 702 1$aMacCormick,$bNeil 801 0$aIT$bUNINA$gRICA$2UNIMARC 901 $aBK 912 $a990008414120403321 952 $aSDI-S 207$b421$fSDI 959 $aSDI 996 $aTheory of legal argumentation$9726555 997 $aUNINA LEADER 01267cam--2200385---450 001 990002799700203316 005 20220321110621.0 010 $a88-88338-76-4 035 $a000279970 035 $aUSA01000279970 035 $a(ALEPH)000279970USA01 035 $a000279970 100 $a20060823e20041898km-y0itay50------ba 101 0 $aita 102 $aIT 105 $aa|||||||001yy 200 1 $aFrancesco II re di Napoli$estoria del Reame delle Due Sicilie, 1859-96$fAngelo Insogna$gintroduzione di Giuseppe Catenacci 210 $aNapoli$cGrimaldi$d2004 215 $a16, CXI, 422 p.$cill.$d26 cm 225 2 $aBiblioteca napoletana$v22 300 $aRiproduzione facsimilare dell'edizione: Napoli : Stabilimento tipografico Michele Gambella, 1898 300 $aIn custodia 410 0$12001$aBiblioteca napoletana$v, 22 540 1 $aFrancesco 2. re di Napoli 676 $a945.70833092 700 1$aINSOGNA,$bAngelo$0562278 702 1$aCATENACCI,$bGiuseppe <1937- > 801 0$aIT$bsalbc$gISBD 912 $a990002799700203316 951 $aX.3.B. 7825$b189142 L.M.$cXV.1.$d00127313 951 $aX.3.B. 7825a$b251395 L.M.$cX.3.$d386031 959 $aBK 969 $aUMA 996 $aFrancesco II re di Napoli$91386871 997 $aUNISA